00399nam a2200121Ia 4500008004100000245013800041260001700179260000900196300000800205650002300213650001200236856002900248170516s9999 xx 000 0 und d aFolate-modified Chitosan Nanoparticles Containing the IP-10 Gene Enhance Melanoma-specific Cytotoxic CD8+CD28+ T Lymphocyte Responses bTheranostics c2016 a6:5 xMedical Technology xMedtech uhttp://www.thno.org/v6i5